000 00567nam a2200217Ia 4500
003 OSt
005 20220918192810.0
006 a|||||r|||| 00| 0
007 ta
008 220917b |||||||| |||| 00| 0 eng d
024 _a70,368
037 _cTextual
040 _aARTS
_cARTS
_beng
041 _2eng
_aeng
082 _aR37, L0 (ZD)
100 _aFried Charles
_980220
245 0 _aAnatomy of values
_b problems of personal and social choice
260 _c1970
942 _hR37, L0 (ZD)
_cTEXL
_2CC
999 _c196466
_d196466